000 00425nam a22001697a 4500
003 OSt
005 20170301123259.0
008 170301b xxu||||| |||| 00| 0 eng d
020 _a0130319139
040 _cRU
050 _aAZ221.H85 2002
100 _aClive Cockerton
245 _aThe human project
_cCockerton Clive, Chaparian Melanie
250 _a3rd ed
260 _aCanada
_bPrentice hall
_c2002
942 _2lcc
_cBK
999 _c255872
_d255871